Statistiques concernant Avatar 1 & 2

Cliquez ici pour prendre le quiz!

Statistiques générales

  • Ce quiz a été pris 826 fois
  • Le résultat moyen est 6 sur 10

Statistiques - réponses

QuestionRéponse% Correct
Quel est le nom du Tulkun banni de sa tribu ?Payacan
86%
Quel est le nom du fils ainé de Jake et Neytiri ?Neteyam
82%
Comment se nomme la fille du chef du clan Na'vi des récifs ?Tsireya
77%
Comment se nomme la plus jeune enfant Sully ?Tuktirey
71%
Que signifie " Tsaheylu " ?le lien
67%
Comment se nomme son frère ?Aonung
66%
Comment s'appelle le colonel et commandant des soldats ?Miles Quaritch
63%
Qui est Toruk Makto en général ?un Na'vi qui a réussit à dompter un Grand Leonopteryx
61%
La planète Pandora existe. Sur quelle lune de quelle planète se trouve-t-elle en réalité ?Saturne
31%
Combien de temps dure le premier film ?2h42
25%

Distribution des résultats

Percentile par nombre de réponses

% des personnes avec chaque résultat

Votre développement - résultats

Vous n’avez pas pris ce quiz